000 01244nac a22002651u 4500
008 090407t xxu||||| |||| 00| 0 eng d
020 _a1405134593
020 _a9780631225737
020 _a9781405134590
020 _a0631225730
082 0 0 _a330.1
_bCOM
_221
245 1 2 _aA Companion to the History of Economic Thought /
_cedited by Warren J. Samuels, Jeff E. Biddle, John B. Davis.
260 _aMalden, MA :
_bBlackwell,
_cc2007.
300 _axvii, 712 p. ;
_c26 cm.
440 0 _aBlackwell companions to contemporary economics
_93333
504 _aIncludes bibliographical references and indexes.
650 0 _aEconomics
_xHistory.
_93334
650 0 _aEconomics
_xHistoriography.
_93335
700 1 _aBiddle, Jeff.
_93336
700 1 _aDavis, John Bryan.
_93337
700 1 _aSamuels, Warren J.,
_d1933-
_93338
942 _cBB
_k330.1 COM
_2ddc
999 _c2415
_d2415